| 000 | 00691nam a2200229 a 4500 | ||
|---|---|---|---|
| 001 | BRCA_7069 | ||
| 005 | 20190320205712.0 | ||
| 008 | 071211s1922----gw-#######---#000-0#ger-# | ||
| 041 | _ager | ||
| 044 | _agw | ||
| 050 | 4 |
_aB2844 _b.B5 1922 |
|
| 100 | 1 |
_aFichte, Johann Gottlieb _d1762-1814 _917578 |
|
| 245 | 1 | 0 |
_aDie bestimmung des menschen _cDargestellt von Johann Gottlieb Fichte ; Mit einer einleitung und Anmerkungen von Dr. M. Rronenberg |
| 260 |
_aStuttgart _bStrecker und Schröder _c1922 |
||
| 300 |
_a172 p. _c20 cm. |
||
| 500 | _aO38 | ||
| 650 | 1 | 4 |
_aLos seres humanos _917579 |
| 650 | 1 | 4 |
_aLa Fé _917580 |
| 700 | 1 |
_aRronenberg, M. _917581 |
|
| 902 | _aGFM | ||
| 942 |
_2lcc _cB |
||
| 999 |
_c6750 _d6750 |
||